Desktop direct marketing : how to use up-to-the-minute technologies to find and reach new customers
Αποθηκεύτηκε σε:
| Κύριος συγγραφέας: | |
|---|---|
| Άλλοι συγγραφείς: | |
| Μορφή: | Βιβλίο |
| Γλώσσα: | English |
| Δημοσίευση: |
New York :
McGraw-Hill,
c1995
|
| Ετικέτες: |
Προσθήκη ετικέτας
Δεν υπάρχουν, Καταχωρήστε ετικέτα πρώτοι!
|
MARC
| LEADER | 00000nam a2200000 i 4500 | ||
|---|---|---|---|
| 001 | 1/51660 | ||
| 008 | 970121s1995 eng d | ||
| 020 | |a 0-07-004195-4 | ||
| 035 | |l 10027211 | ||
| 040 | |a GR-MY-UA |b gre |e aacr | ||
| 041 | 0 | |a eng | |
| 082 | 0 | |a Κεχαγιάς/143 | |
| 100 | 1 | |a Baker, Sunny. | |
| 245 | 1 | 0 | |a Desktop direct marketing : |b how to use up-to-the-minute technologies to find and reach new customers / |c S.Baker, K.Baker |
| 260 | |a New York : |b McGraw-Hill, |c c1995 | ||
| 300 | |a xix, 391 p. | ||
| 500 | |a Includes index | ||
| 700 | 1 | |a Baker, Kim |d 1955- | |
| 852 | |a INST |b CHIOS |e 19970121 |h 658.84 BAK |p 005200010818 |q 005200010818 |t BK |y 0 | ||
| 909 | |a Χ |b 049288 | ||